| 000 | 00409nam a22001337a 4500 | ||
|---|---|---|---|
| 008 | 241015b |||||||| |||| 00| 0 eng d | ||
| 020 | _a9781594527838 | ||
| 050 |
_aBS447.5.A35 _b.W45 |
||
| 100 | _aWelch, Tim | ||
| 245 |
_aAfricans and Africa in the Bible : _bAn Ethnic and Geographic Aprroach / by _cTim Welch |
||
| 260 |
_aIndia _bOasis International Ltd _c2021 |
||
| 300 | _axviii, 179p. | ||
| 942 |
_2lcc _cBK |
||
| 999 |
_c20526 _d20525 |
||